| 000 | 00656nam a2200241Ia 4500 | ||
|---|---|---|---|
| 005 | 20250508164450.0 | ||
| 008 | 008 250505s9999 xx 000 0 eng d | ||
| 037 | _aTextual | ||
| 040 |
_aFEDL _beng _cFEDL |
||
| 041 |
_aeng _2eng |
||
| 084 |
_a301.15, SEA _qFEDL |
||
| 100 | _aSears David O | ||
| 245 | 0 | _aSocial psychology | |
| 250 | _a7 | ||
| 260 |
_aLondon, UK _bPrentice-Hall International _c1970 |
||
| 300 | _axviii,634p. | ||
| 365 |
_aUSD _b18.95 |
||
| 546 | _aMACESE | ||
| 650 | _aSocial psychology | ||
| 700 |
_a Peplau Letitia Anne Taylor Shelley E _9778215 |
||
| 942 |
_cTEXL _h301.15, SEA |
||
| 999 |
_c1389272 _d1389272 |
||